000 00895nam a2200277 4500
003 MX-MxINE
005 20260601171017.0
008 260508b1997\\\\ve\a||||\||||\00|\0\spa\d
020 _a9802597848
040 _aICI
_bspa
_cICI
_erda
041 _aspa
050 _aTR139
_bG73 1997
100 1 _aArmas, Ricardo,
_ecoordinador
_934223
245 _aGrandes fotógrafos en colecciones venezolanas /
_cRicardo Armas
264 _aCaracas :
_bCentr de arte la estancia,
_c1997
300 _a88 páginas:
_bilustraciones
336 _2rdacontent
_atexto
337 _2rdamedia
_asin medio
338 _2rdacarrier
_avolumen
650 _aPhotography, artistic.
_934224
650 _aPhotographers - Venezuela.
_934225
650 _aPhotography collections - Venezuela.
_934226
700 _aBracho, Edmundo,
_eTexto
_934227
700 _aArmas, Reinaldo,
_eFotógrafo
_934228
942 _2lcc
_n1
_cB
999 _c20763
_d20763